| 000 | 00806cam a2200205 4500 | ||
|---|---|---|---|
| 001 | WB4024-04 | ||
| 008 | 040622n2004 000 0 eng u | ||
| 035 | _a(Sirsi) u126567 | ||
| 245 | _aHouse rebuilding costs | ||
| 260 | _c2004 | ||
| 490 |
_aRICS News Service _v 17 June 2004 (1) |
||
| 520 | _aThis new edition of "BCIS guide to house rebuilding costs 2004" contains detailed information and forms the basis for insurance reinstatement and rebuilding cost assessments for residential properties in the UK. http://www.rics.org/ricscms/bin/show?class=News&te mplate=/includes/shownews.html&id=6315 | ||
| 590 | _aWB | ||
| 590 | _aWB | ||
| 650 | _aHOUSE REBUILDING COSTS | ||
| 650 | _aINSURANCE COSTS | ||
| 650 | _aREINSTATEMENT COSTS | ||
| 690 | _aBUILDING AND CONSTRUCTION-COSTS | ||
| 942 | _n0 | ||
| 999 |
_c117576 _d117576 |
||